[Event "Verbandsliga Sued Baden 0607"]
[Site "Germany"]
[Date "2007.03.25"]
[Round "8.8"]
[White "Moennig, Min Yung"]
[Black "Ebner, Heinz"]
[Result "1/2-1/2"]
[WhiteElo "1652"]
[BlackElo "1732"]
[PlyCount "83"]
[EventDate "2006.10.22"]
[EventType "team"]
[EventRounds "9"]
[EventCountry "GER"]
[SourceTitle "EXT 2008"]
[Source "ChessBase"]
[SourceDate "2007.11.25"]
[SourceVersion "1"]
[SourceVersionDate "2007.11.25"]
[SourceQuality "1"]
[WhiteTeam "Horben"]
[BlackTeam "Waldshut II"]
[WhiteTeamCountry "GER"]
[BlackTeamCountry "GER"]

1. Nf3 g6 2. g3 Bg7 3. Bg2 e5 4. d3 Ne7 5. c4 0-0 6. 0-0 c5 7. Nc3 Nbc6 8. Bd2 d6 9. Qc1 Bg4 10. Bh6 Qd7 11. Bxg7 Kxg7 12. Qd2 Bh3 13. Ng5 Bxg2 14. Kxg2 f5 15. Nd5 h6 16. Nh3 Nxd5 17. cxd5 Ne7 18. e4 f4 19. Ng1 g5 20. f3 g4 21. b4 gxf3+ 22. Rxf3 Ng6 23. Raf1 Qg4 24. Kf2 h5 25. bxc5 h4 26. Ke1 dxc5 27. Qb2 Rae8 28. Qxb7+ Re7 29. Qb5 fxg3 30. hxg3 Rxf3 31. Rxf3 h3 32. Qb2 Nh4 33. Rf2 Qxg3 34. Kf1 Qxd3+ 35. Qe2 Qb1+ 36. Qe1 Qd3+ 37. Qe2 Qg3 38. Qb2 Ng2 39. Nxh3 Ne3+ 40. Ke2 Qxh3 41. d6 Re8 42. Qb7+ 1/2-1/2